| Поле | Инд. | ПП | Название | Значение |
|---|---|---|---|---|
| Тип записи | a | |||
| Библиографический уровень | ||||
| 001 | Контрольный номер | RU/IS/BASE/396113150 | ||
| 005 | Дата корректировки | 20230418144408.0 | ||
| 020 | c | Цена, тираж | 510-00 | |
| a | ISBN | 978-5-389-02303-1 | ||
| 040 | b | Код языка каталог. | rus | |
| e | Правила каталог. | PSBO | ||
| 041 | 0_ | a | Код языка текста | rus |
| 084 | a | Индекс другой классификации/Индекс ББК | 82 | |
| 090 | a | Полочн. индекс | 82 | |
| c | Каталожный индекс | 82 | ||
| x | Авторский знак | К 50 | ||
| 091 | i | Возрастная адресация (DOS) | 12+ | |
| 097 | b | Оператор | ; Колесова; Колесова; Маслова; Андреева | |
| 100 | 1_ | a | Автор | Клочко Э. |
| q | Полное имя | Клочко Эдуар | ||
| 245 | 10 | a | Заглавие | Волшебный мир Дж. Р. Р. Толкина |
| c | Ответственность | перевод с французского: И. Л. Прессман ; иллюстрации: К. Камрюби | ||
| 260 | a | Место издания | Москва | |
| b | Издательство | Азбука-Аттикус | ||
| c | Дата издания | 2012 | ||
| 300 | a | Объем | [27] с. | |
| b | Иллюстрации/ тип воспроизводства | ил. | ||
| 900 | a | Имя макрообъекта | о1399346и | |
| 901 | t | Тип документа | m |